000 01238nam a22002537a 4500
003 NALT
005 20251125232946.0
008 s2547 th tha d
020 _a9747218771
040 _aNALT
041 _atha
090 _aKD32/2540
_bว872ร 2547
110 0 _aสำนักงานเลขาธิการวุฒิสภา. สำนักกฎหมาย
245 1 0 _aรัฐธรรมนูญแห่งราชอาณาจักรไทย พุทธศักราช 2540/ สำนักงานเลขาธิการวุฒิสภา
260 3 _aกรุงเทพฯ :
_bสำนักกฎหมาย สำนักงานเลขาธิการวุฒิสภา,
_c2547
300 _a201 หน้า ;
_b27 ซม.
610 _aสำนักงานเลขาธิการวุฒิสภา. สำนักกฎหมาย
650 0 4 _aรัฐธรรมนูญไทย -- 2540
650 0 4 _aรัฐธรรมนูญไทย -- 2540
850 _aNALT
856 4 0 _uhttps://hdl.handle.net/20.500.14156/423914
942 _cLB
_2lcc
999 _c43618
_d43618
998 _j109
_k อารีรัตน์ วิชาช่าง